[Event "Summer TNM"]
[Site "San Francisco"]
[Date "2006.07.25"]
[Round "7"]
[White "Chalissery, Jossy"]
[Black "Ladyzhensky, Boris"]
[Result "0-1"]
[WhiteElo "1689"]
[BlackElo "1733"]
[PlyCount "98"]
[EventDate "2006.06.06"]
[EventType "swiss"]
[EventRounds "8"]
[EventCountry "USA"]

1. Nf3 Nf6 2. g3 g6 3. Bg2 Bg7 4. O-O O-O 5. d3 d5 6. Nbd2 c5 7. e4 dxe4 8.
dxe4 Nc6 9. c3 Bd7 10. Qe2 Ng4 11. h3 Nge5 12. Nxe5 Nxe5 13. f4 Nc6 14. Nf3 Qc8
15. Kh2 a5 16. Be3 b6 17. a4 e5 18. fxe5 Nxe5 19. Nxe5 Bxe5 20. Bf4 Qc7 21.
Bxe5 Qxe5 22. Qf3 Bc6 23. Qf4 Rae8 24. Qxe5 Rxe5 25. Rf6 Re6 26. e5 Rxf6 27.
exf6 Bxg2 28. Kxg2 Rd8 29. Re1 Kf8 30. Re2 Rd6 31. Rf2 Ke8 32. g4 g5 33. c4 Kd7
34. b3 Ke6 35. Rf3 Ke5 36. Rf5+ Kd4 37. Rf3 Re6 38. Kf2 Re4 39. Rf5 h6 40. Rf3
Re6 41. Kf1 Re3 42. Rf5 Rxb3 43. h4 Kxc4 44. hxg5 hxg5 45. Kg2 b5 46. axb5 a4
47. Re5 a3 48. Re7 a2 49. Ra7 Rb2+ 0-1

[Event "Summer TNM"]
[Site "San Francisco"]
[Date "2006.07.25"]
[Round "7"]
[White "Chillakanti, Mukund"]
[Black "Brown, Nicholas"]
[Result "1-0"]
[WhiteElo "1643"]
[BlackElo "1460"]
[PlyCount "73"]
[EventDate "2006.06.06"]
[EventType "swiss"]
[EventRounds "8"]
[EventCountry "USA"]

1. e4 e5 2. Nf3 Nc6 3. Bc4 Nf6 4. d3 Be7 5. c3 O-O 6. O-O d6 7. Nbd2 Bg4 8. b4
a6 9. h3 Bd7 10. a3 b5 11. Bb3 Be6 12. d4 Bxb3 13. Qxb3 exd4 14. cxd4 d5 15. e5
Ne4 16. Re1 Nxd2 17. Bxd2 Nb8 18. Rac1 c6 19. Bf4 Qb6 20. Qd3 a5 21. Qc3 axb4
22. axb4 Rc8 23. Ra1 Na6 24. Reb1 Nc7 25. Bg5 Rxa1 26. Rxa1 Bf8 27. Bd2 Ne6 28.
Qd3 Be7 29. Ra5 f6 30. Qf5 c5 31. Rxb5 Qc6 32. bxc5 g6 33. Qb1 fxe5 34. Rb6 Qe8
35. Rxe6 exd4 36. Nxd4 Rxc5 37. Rc6 {remainder illegible} 1-0

[Event "Summer TNM"]
[Site "San Francisco"]
[Date "2006.07.25"]
[Round "7"]
[White "Dembling, Arthur"]
[Black "Lupton, Stephen"]
[Result "1/2-1/2"]
[WhiteElo "1674"]
[BlackElo "1356"]
[PlyCount "90"]
[EventDate "2006.06.06"]
[EventType "swiss"]
[EventRounds "8"]
[EventCountry "USA"]

1. e4 e5 2. Nf3 Nc6 3. Bb5 a6 4. Bxc6 dxc6 5. O-O Qf6 6. h3 Bd6 7. d4 Ne7 8.
dxe5 Bxe5 9. Nxe5 Qxe5 10. Re1 O-O 11. Nc3 Be6 12. Qf3 Ng6 13. Be3 f5 14. Rad1
Rae8 15. Bd4 Qf4 16. Qxf4 Nxf4 17. Be5 fxe4 18. Bxc7 Nd5 19. Nxd5 cxd5 20. Bd6
Rf7 21. c3 Rd7 22. Bc5 Kf7 23. Bd4 g5 24. Re3 h5 25. Rg3 Rg8 26. Re1 h4 27.
Rge3 g4 28. Kh2 gxh3 29. gxh3 Bf5 30. Rg1 Rdd8 31. Ree1 Rg6 32. Rxg6 Bxg6 33.
Rg1 Rg8 34. Rg4 Bh5 35. Rxg8 Kxg8 36. Be3 Kg7 37. Bg5 Kg6 38. Bxh4 Bf3 39. Kg3
Kf5 40. Be7 b5 41. Bd8 Be2 42. Bc7 Bf3 43. Bd8 Be2 44. Bc7 Bf3 45. h4 Bh5
1/2-1/2

[Event "Summer TNM"]
[Site "San Francisco"]
[Date "2006.07.25"]
[Round "7"]
[White "Jones, Ian"]
[Black "Ossipov, Victor"]
[Result "0-1"]
[WhiteElo "1835"]
[BlackElo "2145"]
[PlyCount "110"]
[EventDate "2006.06.06"]
[EventType "swiss"]
[EventRounds "8"]
[EventCountry "USA"]

1. e4 e6 2. d4 d5 3. Nc3 dxe4 4. Nxe4 Nd7 5. Nf3 Ngf6 6. Nc3 c5 7. Be2 cxd4 8.
Nxd4 a6 9. O-O Qc7 10. a4 Bb4 11. Bd2 Bc5 12. Be3 O-O 13. Bf3 Ne5 14. Qe2 Nxf3+
15. Nxf3 Bxe3 16. Qxe3 b6 17. Ne5 Bb7 18. Rfe1 Rfd8 19. Rad1 Rac8 20. Rd3 Rxd3
21. Nxd3 h6 22. f3 Rd8 23. Ne5 Rd6 24. Re2 Nd5 25. Nxd5 Rxd5 26. Nd3 a5 27. b3
Qd8 28. Nf2 Rd6 29. Re1 Ba6 30. c4 Bb7 31. Re2 f6 32. Re1 e5 33. Re2 Rd4 34.
Re1 Qd6 35. Re2 Bc8 36. Re1 Bf5 37. Re2 Qb4 38. g4 Bg6 39. Kg2 Qd6 40. Kg1 Qa3
41. Kg2 Bb1 42. f4 Rd6 43. fxe5 Re6 44. Qf3 Rxe5 45. Rxe5 fxe5 46. Qd5+ Kh7 47.
Qxe5 Qxb3 48. Qb5 Bc2 49. c5 bxc5 50. Qxc5 Qxa4 51. g5 h5 52. Qe3 Bg6 53. Kg3
Qc4 54. Qa3 a4 55. Nd1 Qg4+ 0-1

[Event "Summer TNM"]
[Site "San Francisco"]
[Date "2006.07.25"]
[Round "7"]
[White "Kleiman, Charles"]
[Black "Chan, John"]
[Result "1-0"]
[WhiteElo "1901"]
[BlackElo "1692"]
[PlyCount "89"]
[EventDate "2006.06.06"]
[EventType "swiss"]
[EventRounds "8"]
[EventCountry "USA"]

1. d4 Nf6 2. c4 d6 3. Nc3 g6 4. e4 Bg7 5. Bf4 Nh5 6. Be3 c6 7. Be2 Nf6 8. f4 h5
9. Nf3 Ng4 10. Bg1 Qb6 11. Qb3 Qxb3 12. axb3 Na6 13. h3 Nh6 14. Be3 Nb4 15. Kd2
Ng8 16. Ra4 Na6 17. Rha1 e6 18. b4 Nf6 19. b5 cxb5 20. cxb5 Nc7 21. Rxa7 Rxa7
22. Rxa7 O-O 23. Bd3 Re8 24. Ke2 Bf8 25. b6 Na6 26. Bxa6 bxa6 27. b7 Bxb7 28.
Rxb7 a5 29. Ng5 Be7 30. Ra7 d5 31. e5 Nh7 32. Nxh7 Kxh7 33. Rxa5 Rb8 34. Rb5
Re8 35. Rb7 Kg7 36. b4 Bf8 37. Na4 Ra8 38. Nc5 Ra2+ 39. Kf3 Kg8 40. Rb8 Kg7 41.
b5 Ra3 42. b6 Bxc5 43. dxc5 d4 44. c6 Rxe3+ 45. Kf2 1-0

[Event "Summer TNM"]
[Site "San Francisco"]
[Date "2006.07.25"]
[Round "7"]
[White "Krasnov, Steven"]
[Black "Grey, Peter"]
[Result "1-0"]
[WhiteElo "1885"]
[BlackElo "2000"]
[PlyCount "89"]
[EventDate "2006.06.06"]
[EventType "swiss"]
[EventRounds "8"]
[EventCountry "USA"]

1. g3 d5 2. Bg2 e5 3. d3 Nf6 4. Nf3 Nc6 5. O-O Be7 6. Nbd2 O-O 7. c3 a5 8. a4
h6 9. Qc2 Be6 10. e4 dxe4 11. Nxe4 Nd5 12. Re1 Qd7 13. Ned2 f6 14. Nh4 Bc5 15.
Nb3 Bb6 16. Bd2 Rad8 17. Rad1 Qf7 18. Nc1 Bg4 19. Bf3 Bxf3 20. Nxf3 Kh8 21. Nb3
Qh5 22. Kg2 Qf5 23. Be3 Bxe3 24. fxe3 b6 25. e4 Ndb4 26. cxb4 Nxb4 27. exf5
Nxc2 28. Re2 Nb4 29. Nh4 Rfe8 30. Red2 c5 31. Na1 Rd7 32. Nc2 Nc6 33. Kf2 Red8
34. Ke3 Kg8 35. b3 Ne7 36. Ke4 Nd5 37. Rc1 Nc3+ 38. Ke3 e4 39. Ne1 Nd5+ 40.
Kxe4 Re8+ 41. Kf3 Rde7 42. Kf2 Ne3 43. h3 Re5 44. g4 Nd5 45. Nhf3 1-0

[Event "Summer TNM"]
[Site "San Francisco"]
[Date "2006.07.25"]
[Round "7"]
[White "Mar, Henry"]
[Black "Smelansky, Vadim"]
[Result "0-1"]
[WhiteElo "1538"]
[BlackElo "1789"]
[PlyCount "54"]
[EventDate "2006.06.06"]
[EventType "swiss"]
[EventRounds "8"]
[EventCountry "USA"]

1. e4 e5 2. Nf3 Nc6 3. Bc4 Nd4 4. c3 Nxf3+ 5. Qxf3 Nf6 6. O-O Bc5 7. d3 d6 8.
Be3 Bxe3 9. fxe3 O-O 10. Nd2 c6 11. Bb3 Bg4 12. Qf2 Be6 13. Bc2 Qb6 14. b3 Ng4
15. Qe2 Nxe3 16. Rf2 Bg4 17. Nf3 f5 18. Re1 Nxc2 19. Qxc2 fxe4 20. Rxe4 Bxf3
21. gxf3 Rxf3 22. Kf1 Raf8 23. Ree2 Rxf2+ 24. Rxf2 Rxf2+ 25. Qxf2 Qxf2+ 26.
Kxf2 Kf7 27. Kf3 Kf6 0-1

[Event "Summer TNM"]
[Site "San Francisco"]
[Date "2006.07.25"]
[Round "7"]
[White "Parker, Frank"]
[Black "Dunham, Tom"]
[Result "1-0"]
[WhiteElo "1812"]
[BlackElo "1495"]
[PlyCount "87"]
[EventDate "2006.06.06"]
[EventType "swiss"]
[EventRounds "8"]
[EventCountry "USA"]

1. d4 d5 2. c4 c6 3. Nc3 Nf6 4. Bg5 e6 5. e3 Nbd7 6. Nf3 h6 7. Bxf6 Nxf6 8. a3
dxc4 9. Bxc4 b5 10. Bd3 Bb7 11. O-O a6 12. Rc1 Qb6 13. Ne4 Be7 14. Nc5 Rd8 15.
Ne5 O-O 16. Nxb7 Qxb7 17. Nxc6 Rd5 18. Be2 Bd6 19. Bf3 Rg5 20. Qc2 Kh8 21. Kh1
Nd5 22. Bxd5 exd5 23. f4 Rg6 24. Qf5 Bxa3 25. Ne5 Rf6 26. Qc2 Bd6 27. Qd2 Bxe5
28. dxe5 Rg6 29. Rc5 Rd8 30. Qd4 Qd7 31. Rfc1 Qg4 32. R1c2 Qh4 33. Re2 Qg4 34.
Rf2 Qf5 35. h3 Qb1+ 36. Kh2 Qa2 37. e4 Qb3 38. Rf3 Qa2 39. exd5 Rb6 40. d6 Rbb8
41. f5 a5 42. Rg3 b4 43. e6 f6 44. d7 1-0

[Event "Summer TNM"]
[Site "San Francisco"]
[Date "2006.07.25"]
[Round "7"]
[White "Purcell, Brendan"]
[Black "Petrison, John"]
[Result "1-0"]
[WhiteElo "1901"]
[BlackElo "2035"]
[PlyCount "111"]
[EventDate "2006.06.06"]
[EventType "swiss"]
[EventRounds "8"]
[EventCountry "USA"]

1. e4 e5 2. Nf3 Nc6 3. Bb5 f5 4. Nc3 fxe4 5. Nxe4 Nf6 6. d3 d6 7. Bg5 Be7 8. h3
O-O 9. Qe2 Nh5 10. Bxc6 bxc6 11. Nxe5 Bxg5 12. Qxh5 Bh6 13. Nxc6 Qe8 14. Qxe8
Rxe8 15. O-O Bb7 16. Nd4 Bxe4 17. dxe4 Rxe4 18. Nf5 Bg5 19. Rfe1 Rae8 20. Kf1
Kf7 21. Rxe4 Rxe4 22. Re1 Ra4 23. a3 Bf6 24. c3 Ra5 25. Nd4 g6 26. g3 c5 27.
Nf3 Rb5 28. Re2 d5 29. Ne5+ Kg7 30. f4 d4 31. cxd4 cxd4 32. Rd2 Rd5 33. Kf2 g5
34. Kf3 Bxe5 35. fxe5 Kf7 36. Ke4 Ke6 37. Rxd4 Rxe5+ 38. Kd3 Rf5 39. Kc4 h5 40.
b4 Rf3 41. Rd3 Rf2 42. a4 Rh2 43. g4 hxg4 44. hxg4 Ke5 45. Rd7 Rg2 46. Rxa7
Rxg4+ 47. Kc5 Rg1 48. b5 Rc1+ 49. Kb6 g4 50. Rg7 Kf4 51. a5 Re1 52. a6 Re6+ 53.
Kb7 Re5 54. b6 g3 55. a7 Rg5 56. Rxg5 1-0

[Event "Summer TNM"]
[Site "San Francisco"]
[Date "2006.07.25"]
[Round "7"]
[White "Russell, Joe"]
[Black "Standen, Julian"]
[Result "1/2-1/2"]
[WhiteElo "1633"]
[BlackElo "1742"]
[PlyCount "89"]
[EventDate "2006.06.06"]
[EventType "swiss"]
[EventRounds "8"]
[EventCountry "USA"]

1. e4 c6 2. d4 d5 3. Nc3 dxe4 4. Nxe4 Nd7 5. Nf3 Ngf6 6. Bd3 Nxe4 7. Bxe4 Nf6
8. Bd3 Bg4 9. c3 Qd5 10. Be2 e6 11. Bf4 Be7 12. h3 Bh5 13. O-O h6 14. Ne5 Bxe2
15. Qxe2 O-O 16. Qf3 Rad8 17. Rfe1 c5 18. dxc5 Bxc5 19. Rad1 Qxf3 20. Nxf3 Bb6
21. Be5 Rxd1 22. Rxd1 Rd8 23. Rxd8+ Bxd8 24. Kf1 Ne4 25. Bd4 a6 26. Ke2 f6 27.
Nd2 Nd6 28. f3 Kf7 29. Bc5 Bc7 30. Bxd6 Bxd6 31. c4 f5 32. Nb3 e5 33. Na5 b6
34. Nc6 Ke6 35. b4 Kd7 36. b5 axb5 37. cxb5 Ke6 38. Kd3 Kd5 39. a4 Bc5 40. a5
bxa5 41. Nxa5 e4+ 42. fxe4+ fxe4+ 43. Ke2 Bb6 44. Nb3 Kc4 45. Nd2+ 1/2-1/2

[Event "Summer TNM"]
[Site "San Francisco"]
[Date "2006.07.25"]
[Round "7"]
[White "Salinas, Chad"]
[Black "Thornally, Frank"]
[Result "1/2-1/2"]
[WhiteElo "1965"]
[BlackElo "2200"]
[PlyCount "36"]
[EventDate "2006.06.06"]
[EventType "swiss"]
[EventRounds "8"]
[EventCountry "USA"]

1. d4 d5 2. c4 dxc4 3. Nf3 Nf6 4. Nc3 a6 5. a4 e6 6. Bg5 c5 7. e3 h6 8. Bh4
cxd4 9. exd4 Bb4 10. Bxc4 Qc7 11. Qd3 Nbd7 12. O-O O-O 13. Rac1 Qa5 14. Rfe1
Qh5 15. h3 Bd6 16. Ne4 Nxe4 17. Qxe4 Nb6 18. Bb3 Nd5 1/2-1/2

[Event "Summer TNM"]
[Site "San Francisco"]
[Date "2006.07.25"]
[Round "7"]
[White "Samatra, Mario"]
[Black "Nip, Nicholas"]
[Result "1/2-1/2"]
[WhiteElo "1914"]
[BlackElo "1671"]
[PlyCount "77"]
[EventDate "2006.06.06"]
[EventType "swiss"]
[EventRounds "8"]
[EventCountry "USA"]

1. d4 d5 2. c4 c6 3. Nf3 Nf6 4. Nc3 e6 5. Bg5 Nbd7 6. e3 Be7 7. Bd3 O-O 8. O-O
a6 9. Rc1 dxc4 10. Bxc4 c5 11. dxc5 Nxc5 12. Qe2 b5 13. Rfd1 Qb6 14. Bd3 Bb7
15. Bb1 b4 16. Bxf6 Bxf6 17. Qc2 g6 18. Ne2 Rac8 19. b3 Na4 20. Qd2 Rfd8 21.
Rxc8 Bxc8 22. Qc1 Rxd1+ 23. Qxd1 Nc3 24. Nxc3 Bxc3 25. Bd3 Qd6 26. Qe2 a5 27.
h3 Bb7 28. Bc4 Kg7 29. Qd3 Qxd3 30. Bxd3 Kf6 31. Kf1 h6 32. Ke2 Ke7 33. g3 Kd6
34. h4 e5 35. e4 f5 36. Ke3 Ke6 37. Bc4+ Kf6 38. Bd3 Bc6 39. Bc2 1/2-1/2

[Event "Summer TNM"]
[Site "San Francisco"]
[Date "2006.07.25"]
[Round "7"]
[White "Sanguinetti, George"]
[Black "Mar, Craig"]
[Result "0-1"]
[WhiteElo "1959"]
[BlackElo "2419"]
[Annotator "Donaldson"]
[PlyCount "152"]
[EventDate "2006.06.06"]
[EventType "swiss"]
[EventRounds "8"]
[EventCountry "USA"]

1. d4 Nf6 2. c4 g6 3. f3 Bg7 4. e4 d6 5. Ne2 O-O 6. Na3 $6 {Typical Sanguinetti
homebrew and not to be found in the Mega2006 database. The text follows the
current trend ( 1.e4 c5 2.Na3) of moving the Knight to the rim but looks to be
less motivated here.} c5 ({Also quite reasonable and more ambitious was} 6...
e5 {.}) 7. Nc2 cxd4 (7... Nc6 8. d5 Ne5 9. Nc3 {
allows White to make sense of his Knights.}) 8. Nexd4 Nc6 9. Be3 Nxd4 10. Bxd4
(10. Nxd4 {looks more natural. If Black continues as in the game White gets a
pleasant ending:} Qa5+ 11. Qd2 Qxd2+ 12. Kxd2) 10... Be6 11. Be2 Qa5+ 12. Qd2 {
This is probably the right choice. White walks a tightrope after} (12. Bc3 Qg5
13. O-O Rfc8 14. Bd2 (14. b3 $2 Bh3 15. Rf2 Nxe4 $1) 14... Qh4 15. b3 Nh5 16.
Qe1 (16. Rc1 $2 Be5 $1) 16... Qxe1 17. Raxe1 b5 18. Na3 {
but if he finds his way he should be okay.}) 12... Qxd2+ 13. Kxd2 Rfc8 14. b3
a5 (14... a6 {aiming for ...b5 is also natural but the text is to the point as
...a4 is in the cards.}) 15. g4 {
Advancing this pawn Whites plans g4-g5 grabbing more space on the kingside.} (
15. Rac1 {trying to preserve the Bishop ala} a4 (15... Nd7 16. Be3 {
is strongly met by either} a4 {or 15...a4.})) 15... Nd7 16. Bxg7 Kxg7 17. Nd4
Nc5 18. Nxe6+ $2 ({White trades away his good minor piece. A better idea was} 
18. h4 {trying to generate some play on the kingside.}) 18... fxe6 19. Ke3 e5 {
Black is better with the good Knight versus bad Bishop but still must find a
way to win the position. Breaks with ...a4 and ...d5 and pressure on the
f-file are all options at his disposal.} 20. Rhc1 Ne6 21. a3 Rc6 22. h4 Nd4 23.
Bd1 Rac8 24. a4 $2 {This move, trying to achieve a draw by blocking the
position, is not an easy one to make as it condemns White to a passive defense.
Better was the more active} (24. f4 {with the point that} a4 {
can be met by the ugly but concrete} 25. bxa4 Rxc4 26. Rxc4 Rxc4 27. Rb1 {
and the counterply against b7 gives White the necessary breathing room. For
example:} Rc3+ (27... Rc7 28. g5) 28. Kd2 Rxa3 29. fxe5 dxe5 30. Rxb7) 24...
Ne6 {
Now a long period of cat and mouse ensues as Mar looks for the breakthrough.}
25. Be2 Rb6 26. Rc3 h6 27. Rac1 g5 28. h5 Kf6 29. Bd1 Rb4 30. R1c2 Nd4 31. Rd2
Rb6 32. Rdd3 Rbc6 33. Kd2 e6 34. Re3 Ke7 35. Kc1 Kf6 36. Kb2 Rc5 37. Red3 Ke7
38. Re3 Nc6 39. Bc2 Nb4 40. Bb1 Kf6 41. Rc1 R5c7 42. Rce1 Ke7 43. Bc2 Kd7 44.
Rd1 Kc6 45. Bd3 Kc5 46. Rd2 $2 {This blunder, allowing Black's King into the
position, loses straight out. It was likely caused by time pressure,
Sanguinetti's bête noire.} (46. Kc3 {had to be played when Black is
considerably better but the win must still be shown. Note the direct on f3
doesn't seem to pay dividends:} Rf8 47. Be2 Rcf7 48. Rh1 Nc6 49. Bd1 Nd4 50.
Rh3 {and it is hard to see how Black goes forward. Note how the Rook on e3 is
deterring the ...d5 break. which needs to be managed with some subtelty to be
effective. For example:} Re8 51. Rh1 d5 52. exd5 exd5 53. Rhe1 Rfe7 54. cxd5
Kxd5 55. Be2 {and Black has gained nothing from the pawn trades.}) 46... Kd4
47. Re1 Nxd3+ 48. Kc2 Rxc4+ $1 {winning} 49. bxc4 Rxc4+ 50. Kb3 Rb4+ 51. Ka3
Kc3 52. Rxd3+ Kxd3 53. Rd1+ Ke3 54. Rxd6 Kxf3 55. Rxe6 Rxe4 56. Rxh6 Rxg4 57.
Rf6+ Ke2 58. h6 e4 59. Kb3 e3 60. Rf5 Rh4 61. Rxg5 Rxh6 62. Rxa5 Rc6 63. Re5
Kd2 64. Re7 b6 65. Rd7+ Ke1 66. Rh7 e2 67. Rf7 Rc5 68. Rf6 Kd2 69. Rd6+ Ke3 70.
Rxb6 Re5 71. a5 e1=Q 72. Kc4 Qc1+ 73. Kb3 Qb1+ 74. Kc4 Qa2+ 75. Rb3+ Ke4 76.
Kc3 Rc5+ 0-1

[Event "Summer TNM"]
[Site "San Francisco"]
[Date "2006.07.25"]
[Round "7"]
[White "Sherwood, Peter"]
[Black "Bertot, German"]
[Result "0-1"]
[WhiteElo "1703"]
[BlackElo "1439"]
[PlyCount "34"]
[EventDate "2006.06.06"]
[EventType "swiss"]
[EventRounds "8"]
[EventCountry "USA"]

1. e4 e5 2. Nf3 Nc6 3. Bb5 a6 4. Ba4 Nf6 5. O-O d6 6. Nc3 Bg4 7. h3 Bh5 8. g4
Nxg4 9. hxg4 Bxg4 10. d3 Qf6 11. Kg2 Be7 12. Rg1 h5 13. Qe2 h4 14. Qe3 h3+ 15.
Kg3 h2 16. Rh1 Rh3+ 17. Kxg4 Qe6# 0-1

[Event "Summer TNM"]
[Site "San Francisco"]
[Date "2006.07.25"]
[Round "7"]
[White "Starr, Albert"]
[Black "Kwok, James"]
[Result "1-0"]
[WhiteElo "1555"]
[BlackElo "1204"]
[PlyCount "111"]
[EventDate "2006.06.06"]
[EventType "swiss"]
[EventRounds "8"]
[EventCountry "USA"]

1. b4 d5 2. e3 e5 3. b5 Nf6 4. Bb2 Bd6 5. d3 O-O 6. Nf3 Nbd7 7. Be2 c6 8. c4
Qc7 9. g3 a6 10. a4 axb5 11. axb5 Rxa1 12. Bxa1 Re8 13. O-O c5 14. Nbd2 b6 15.
Re1 Bb7 16. Bf1 d4 17. exd4 exd4 18. Rxe8+ Nxe8 19. Qe2 Nef6 20. Bb2 h6 21. Bc1
Ne5 22. Nxe5 Bxe5 23. Nf3 Bd6 24. Nh4 Qd7 25. Bg2 Bxg2 26. Nxg2 Qg4 27. Qxg4
Nxg4 28. f4 f5 29. Nh4 Kf7 30. Nxf5 Be7 31. Nxe7 Kxe7 32. Kg2 Ke6 33. h3 Nf6
34. Kf3 h5 35. g4 g6 36. Bd2 Ke7 37. f5 hxg4+ 38. hxg4 gxf5 39. gxf5 Nd7 40.
Ke4 Nf6+ 41. Ke5 Ng4+ 42. Kd5 Nf2 43. Kc6 Nxd3 44. Kxb6 Kf6 45. Kc6 Kxf5 46. b6
Ne5+ 47. Kxc5 Nd7+ 48. Kc6 Nxb6 49. Kxb6 Ke6 50. Kc7 Ke5 51. c5 Kd5 52. c6 Ke6
53. Kb7 Kd5 54. c7 Ke4 55. c8=Q Kd3 56. Bh6 1-0

[Event "Summer TNM"]
[Site "San Francisco"]
[Date "2006.07.25"]
[Round "7"]
[White "Tuvshintugs, Batchimeg"]
[Black "Traub, Igor"]
[Result "1/2-1/2"]
[WhiteElo "2268"]
[BlackElo "2054"]
[PlyCount "62"]
[EventDate "2006.06.06"]
[EventType "swiss"]
[EventRounds "8"]
[EventCountry "USA"]

1. e4 e5 2. Nf3 Nc6 3. Bb5 a6 4. Ba4 Nf6 5. O-O b5 6. Bb3 Be7 7. Re1 d6 8. c3
O-O 9. h3 Na5 10. Bc2 c5 11. d4 Qc7 12. Nbd2 Nc6 13. d5 Nd8 14. a4 Rb8 15. b4
Bd7 16. axb5 axb5 17. Nf1 Ne8 18. g4 c4 19. Ng3 g6 20. Bh6 Ng7 21. Kh2 f6 22.
Rg1 Nf7 23. Be3 Ra8 24. Rc1 Ra3 25. Nd2 Rfa8 26. Bb1 Qb7 27. Qf3 Kh8 28. Rg2
Rf8 29. Qe2 Qc8 30. Nf3 Ng5 31. Ng1 Nf7 1/2-1/2

[Event "Summer TNM"]
[Site "San Francisco"]
[Date "2006.07.25"]
[Round "7"]
[White "Wilkerson, Max"]
[Black "Margulis, Igor"]
[Result "0-1"]
[WhiteElo "1900"]
[BlackElo "2227"]
[PlyCount "56"]
[EventDate "2006.06.06"]
[EventType "swiss"]
[EventRounds "8"]
[EventCountry "USA"]

1. Nf3 d6 2. d4 Bg4 3. Nbd2 Nd7 4. g3 e5 5. Bg2 g6 6. c3 Bg7 7. O-O Ne7 8. h3
Bxf3 9. Nxf3 O-O 10. e4 c6 11. Qe2 Re8 12. Be3 d5 13. exd5 Nxd5 14. Qd2 Nxe3
15. fxe3 Bh6 16. Rae1 exd4 17. Qxd4 Nb6 18. e4 Qe7 19. e5 Rad8 20. Qf2 Nc4 21.
Re2 Rd3 22. Kh2 Be3 23. Qe1 Bb6 24. e6 Ne3 25. exf7+ Qxf7 26. Nd4 Nxf1+ 27.
Bxf1 Rf8 28. Bg2 Bc7 0-1

[Event "Summer TNM"]
[Site "San Francisco"]
[Date "2006.08.01"]
[Round "8"]
[White "Bertot, German"]
[Black "Parker, Frank"]
[Result "0-1"]
[WhiteElo "1439"]
[BlackElo "1812"]
[PlyCount "92"]
[EventDate "2006.06.06"]
[EventType "swiss"]
[EventRounds "8"]
[EventCountry "USA"]

1. d4 d5 2. c4 c6 3. Nc3 Nf6 4. Nf3 e6 5. Bg5 Be7 6. e3 Nbd7 7. Bd3 O-O 8. O-O
dxc4 9. Bxc4 b5 10. Bd3 Bb7 11. Rc1 a6 12. Ne4 Rc8 13. Nc5 Nxc5 14. dxc5 Qd5
15. a3 Rcd8 16. Bb1 Qxd1 17. Rfxd1 Nd5 18. Bxe7 Nxe7 19. Ne5 Ng6 20. Nd7 Rfe8
21. Rd2 Bc8 22. Rcd1 Bxd7 23. Bxg6 hxg6 24. Rxd7 Rxd7 25. Rxd7 Kf8 26. Rd6 Rc8
27. f4 Ke7 28. e4 a5 29. b4 axb4 30. axb4 Ra8 31. Rxc6 Ra4 32. Rb6 Rxb4 33. e5
Rxf4 34. Rxb5 Kd7 35. Rb6 Kc7 36. Ra6 Rf5 37. c6 f6 38. Ra7+ Kxc6 39. Rxg7 fxe5
40. Rxg6 Kd5 41. Rg3 e4 42. Re3 Kd4 43. Re1 e3 44. Rd1+ Kc3 45. h4 e2 46. Re1
Kd2 0-1

[Event "Summer TNM"]
[Site "San Francisco"]
[Date "2006.08.01"]
[Round "8"]
[White "Brown, Nicholas"]
[Black "Chillakanti, Kartik"]
[Result "1/2-1/2"]
[WhiteElo "1460"]
[BlackElo "1390"]
[PlyCount "62"]
[EventDate "2006.06.06"]
[EventType "swiss"]
[EventRounds "8"]
[EventCountry "USA"]

1. d4 Nf6 2. c4 e6 3. Nc3 Bb4 4. Bd2 O-O 5. Nf3 d5 6. e3 Be7 7. Bd3 c5 8. O-O
Nc6 9. cxd5 exd5 10. a3 Bg4 11. Be2 Bxf3 12. Bxf3 cxd4 13. exd4 Nxd4 14. Be3
Nxf3+ 15. Qxf3 d4 16. Rfd1 Qb6 17. Bxd4 Qc6 18. Qxc6 bxc6 19. Bxf6 Bxf6 20.
Rab1 Rfd8 21. Rxd8+ Rxd8 22. g3 h6 23. Rd1 Rxd1+ 24. Nxd1 Kf8 25. Kf1 Ke7 26.
Ke2 Kd6 27. Kd3 a6 28. b3 c5 29. Ne3 g6 30. f3 h5 31. f4 Bd4 1/2-1/2

[Event "Summer TNM"]
[Site "San Francisco"]
[Date "2006.08.01"]
[Round "8"]
[White "Chillakanti, Mukund"]
[Black "Sherwood, Peter"]
[Result "1-0"]
[WhiteElo "1643"]
[BlackElo "1703"]
[PlyCount "121"]
[EventDate "2006.06.06"]
[EventType "swiss"]
[EventRounds "8"]
[EventCountry "USA"]

1. e4 e6 2. d4 d5 3. Nc3 Nf6 4. e5 Nfd7 5. f4 c5 6. Nf3 Nc6 7. Be3 cxd4 8. Nxd4
Bc5 9. a3 O-O 10. Qd2 Nxd4 11. Bxd4 a6 12. Be2 b5 13. Bxc5 Nxc5 14. O-O Bb7 15.
Rad1 Qb6 16. Kh1 Rad8 17. Qd4 Nd7 18. Bf3 Qxd4 19. Rxd4 Nb6 20. Rfd1 Nc4 21. a4
Nxb2 22. Rb1 Rc8 23. Nxb5 Rxc2 24. Na3 Rf2 25. Rb4 Nd3 26. Rxb7 Nxf4 27. R7b3
Ng6 28. Re3 Ra2 29. Be2 Nxe5 30. Bxa6 Ng4 31. Reb3 Nf2+ 32. Kg1 Ne4 33. Re3 f5
34. Bb7 Rf6 35. a5 Rg6 36. g3 f4 37. Rf3 fxg3 38. a6 gxh2+ 39. Kh1 Rxa3 40.
Rxa3 Nd2 41. a7 Nxb1 42. a8=Q+ Kf7 43. Rf3+ Rf6 44. Rxf6+ Kxf6 45. Qf8+ Kg6 46.
Ba6 Nc3 47. Bd3+ Ne4 48. Bxe4+ dxe4 49. Qf4 e3 50. Qxe3 Kf5 51. Qd3+ Kf4 52.
Qxh7 g5 53. Qf7+ Ke5 54. Kxh2 Kd5 55. Qf6 g4 56. Qg5+ e5 57. Qxg4 e4 58. Qe2
Kd4 59. Kg3 Ke5 60. Qe3 Kf5 61. Qf4+ 1-0

[Event "Summer TNM"]
[Site "San Francisco"]
[Date "2006.08.01"]
[Round "8"]
[White "Dunham, Tom"]
[Black "Hartsough, Chester"]
[Result "1-0"]
[WhiteElo "1495"]
[BlackElo "829"]
[PlyCount "69"]
[EventDate "2006.06.06"]
[EventType "swiss"]
[EventRounds "8"]
[EventCountry "USA"]

1. e4 e5 2. Nf3 Nc6 3. d4 exd4 4. Nxd4 Nxd4 5. Qxd4 Nf6 6. Nc3 c6 7. Bc4 Qa5 8.
O-O Ng4 9. Bf4 Bc5 10. Qxg7 Rf8 11. Qxg4 d5 12. Qe2 dxc4 13. Qxc4 Rg8 14. Rae1
Bh3 15. Bg3 Be6 16. Qa4 Qxa4 17. Nxa4 Bc4 18. Nxc5 Bxf1 19. Kxf1 b6 20. Nb7 Rg7
21. Nd6+ Kf8 22. a4 Rd8 23. Nf5 Rg6 24. Ke2 Re6 25. Ke3 Rd5 26. Nd4 Re8 27.
Nxc6 Kg8 28. b4 f5 29. f3 a6 30. Re2 Rd7 31. c4 Rg7 32. Rd2 h5 33. Rd5 fxe4 34.
fxe4 Re6 35. Nd8 1-0